000 00478nam a2200193Ia 4500
005 20251020182552.0
008 200515s9999 xx 000 0 und d
082 _aR/621.3(038)/I25
100 _aIBEAS, Franco F.
245 0 _aDiccionario Tecnológico Ingles-Español de Electricidad, Electrónica
260 _aMadrid
260 _c1974
300 _a441
650 _aDICCIONARIOS
650 _aELECTRICIDAD
650 _aELECTRONICA
650 _aLIB
942 _cLIB
999 _c2765
_d2765